| 000 | 00553nam a2200205Ia 4500 | ||
|---|---|---|---|
| 005 | 20250508164757.0 | ||
| 008 | 008 250505s9999 xx 000 0 hin d | ||
| 020 | _a9788125918691 | ||
| 037 | _aTextual | ||
| 040 |
_aFEDL _beng _cFEDL |
||
| 041 |
_ahin _2eng |
||
| 084 |
_a370.1, HAR _qFEDL |
||
| 100 | _aHarivansh Tarun | ||
| 245 | 0 | _aSafal shikshan ki samanya vidhiya | |
| 260 |
_aDelhi, India _b Subhada Prakashan _c2009 |
||
| 300 | _a118p. | ||
| 365 | _aPrice varies | ||
| 942 |
_cTEXL _h370.1, HAR |
||
| 999 |
_c1391100 _d1391100 |
||